00258nam a2200121Ia 4500100001500000650000900015366000700024245004000031260002000071082001400091300000800105546002300113 aLavanya/R  aHTML f25 aHTML 5:Magic word for web designing bAne Booksc2011 a4.65bLAV a211 aENGLISHcComputers